[Event "World Rapid Women 2019"]
[Site "Moscow RUS"]
[Date "2019.12.27"]
[Round "6.21"]
[White "Ambartsumova, Karina"]
[Black "Gvetadze, Sofio"]
[Result "0-1"]
[WhiteTitle "IM"]
[BlackTitle "IM"]
[WhiteElo "2341"]
[BlackElo "2301"]
[WhiteFideId "4166299"]
[BlackFideId "13601440"]
[EventDate "2019.12.26"]

1. Nf3 d5 2. d4 Nf6 3. c4 e6 4. Nc3 Bb4 5. Qa4+ Nc6 6. e3 O-O 7. Bd2 a6 8. Qc2
dxc4 9. Bxc4 Bd6 10. O-O Qe7 11. e4 e5 12. d5 Nb8 13. a3 Re8 14. Rac1 Nbd7 15.
Ne1 Nf8 16. Be2 Ng6 17. Nd3 Bd7 18. f3 c6 19. dxc6 Bxc6 20. Be3 Nf8 21. Qb3 Ne6
22. Nb4 Nd4 23. Nxc6 bxc6 24. Qc4 a5 25. Rfd1 Bc5 26. Kh1 Rad8 27. Na4 Ba7 28.
Bxd4 Bxd4 29. Qxc6 Nh5 30. g3 Qg5 31. f4 Nxg3+ 32. hxg3 Qxg3 33. Rd3 Qh4+ 34.
Kg2 Qf2+ 35. Kh1 Qxe2 36. Qc2 Qxe4+ 37. Kh2 Bg1+ 38. Rxg1 Rxd3 39. Rg3 Re3 0-1

[Event "World Rapid Women 2019"]
[Site "Moscow RUS"]
[Date "2019.12.27"]
[Round "6.22"]
[White "Zimina, Olga"]
[Black "Dauletova, Gulmira"]
[Result "1-0"]
[WhiteTitle "IM"]
[BlackTitle "WIM"]
[WhiteElo "2390"]
[BlackElo "2250"]
[WhiteFideId "4132190"]
[BlackFideId "13702971"]
[EventDate "2019.12.26"]

1. Nf3 d5 2. b3 Bg4 3. Bb2 Nd7 4. d4 Ngf6 5. e3 g6 6. h3 Bf5 7. Bd3 Bxd3 8. Qxd3
Bg7 9. Nbd2 O-O 10. O-O Rc8 11. b4 c6 12. c4 a5 13. a3 Ra8 14. Bc3 axb4 15. axb4
dxc4 16. Nxc4 Nd5 17. Bd2 Rxa1 18. Rxa1 c5 19. bxc5 Nxc5 20. Qb1 b6 21. e4 Nc7
22. dxc5 Bxa1 23. Qxa1 Ne6 24. cxb6 Qd3 25. Nce5 Qxe4 26. Qa7 Nc5 27. Qxe7 Na4
28. Bh6 Qa8 29. Qf6 1-0

[Event "World Rapid Women 2019"]
[Site "Moscow RUS"]
[Date "2019.12.27"]
[Round "6.23"]
[White "Goltseva, Ekaterina"]
[Black "Badelka, Olga"]
[Result "1-0"]
[WhiteTitle "FM"]
[BlackTitle "IM"]
[WhiteElo "2297"]
[BlackElo "2399"]
[WhiteFideId "24173770"]
[BlackFideId "13509926"]
[EventDate "2019.12.26"]

1. d4 Nf6 2. c4 c5 3. d5 g6 4. Nc3 Bg7 5. e4 d6 6. h3 O-O 7. Nf3 e6 8. Bd3 Na6
9. O-O Nc7 10. Bg5 h6 11. Be3 Rb8 12. Qd2 exd5 13. exd5 Kh7 14. a4 Na6 15. Rae1
Nb4 16. Bb1 a6 17. Nh2 Bd7 18. f4 Qc8 19. f5 Bxf5 20. Rxf5 gxf5 21. Rf1 Ne4 22.
Nxe4 fxe4 23. Bxe4+ f5 24. Bb1 Qe8 25. Rxf5 Rxf5 26. Bxf5+ Kh8 27. Bxh6 Qe5 28.
Bxg7+ Qxg7 29. Nf3 Rf8 30. Be4 Qf6 31. Kh1 Re8 32. Bb1 Rf8 33. Qe3 Kg7 34. Qe4
Qh6 35. Qg4+ Kh8 36. Qe4 Qc1+ 37. Ng1 Qh6 38. Ne2 Rf1+ 39. Kh2 Rf8 40. Ng3 Qg7
41. Qh4+ Kg8 42. Bf5 Re8 43. Be6+ Kf8 44. Qf4+ 1-0

[Event "World Rapid Women 2019"]
[Site "Moscow RUS"]
[Date "2019.12.27"]
[Round "6.24"]
[White "Gaponenko, Inna"]
[Black "Strutinskaia, Galina"]
[Result "1-0"]
[WhiteTitle "IM"]
[BlackTitle "WGM"]
[WhiteElo "2396"]
[BlackElo "2214"]
[WhiteFideId "14101181"]
[BlackFideId "4108558"]
[EventDate "2019.12.26"]

1. e4 c5 2. Nf3 Nc6 3. c3 e6 4. d4 d5 5. exd5 exd5 6. Bb5 Bd6 7. O-O Ne7 8. dxc5
Bxc5 9. Nbd2 O-O 10. Nb3 Bb6 11. Re1 Bf5 12. Be3 Bg6 13. Bxb6 axb6 14. Nbd4 Qd6
15. Qd2 Rfd8 16. Bd3 h6 17. h3 Qf6 18. a3 Nxd4 19. Nxd4 Nc6 20. Bxg6 Qxg6 21.
Rad1 Rd7 22. Re3 Qg5 23. Qe2 Rad8 24. Qb5 Nxd4 25. Rxd4 Rd6 26. Qd3 Qf6 27. Rf3
Qe6 28. Qe3 Qd7 29. Rg3 Re8 30. Qd2 b5 31. Rdg4 g5 32. h4 f6 33. Qd3 f5 34. Rb4
f4 35. Rxf4 Re1+ 36. Kh2 Qe7 37. Rf5 Re4 38. hxg5 Rh4+ 39. Rh3 Rxh3+ 40. Qxh3
hxg5 41. Qh5 Qh7 42. Rxg5+ Kh8 43. Qxh7+ Kxh7 44. Kg3 Kh6 45. f4 b4 46. axb4 d4
47. cxd4 Rxd4 48. Rb5 Rd3+ 49. Kg4 Rd2 50. g3 1-0

[Event "World Rapid Women 2019"]
[Site "Moscow RUS"]
[Date "2019.12.27"]
[Round "6.25"]
[White "Assaubayeva, Bibisara"]
[Black "Munkhzul, Davaakhuu"]
[Result "1-0"]
[WhiteTitle "FM"]
[BlackTitle "WCM"]
[WhiteElo "2375"]
[BlackElo "1991"]
[WhiteFideId "13708694"]
[BlackFideId "4902815"]
[EventDate "2019.12.26"]

1. d4 d5 2. c4 e6 3. Nc3 a6 4. c5 Nf6 5. Nf3 Be7 6. Bg5 O-O 7. e3 h6 8. Bh4 b6
9. cxb6 cxb6 10. Bd3 Bb7 11. O-O Nbd7 12. a4 Ne4 13. Bxe7 Qxe7 14. Qe2 Nxc3 15.
bxc3 Rfc8 16. Rfc1 e5 17. Bf5 e4 18. Nd2 Rc7 19. c4 Rac8 20. Qg4 Rd8 21. Bxd7
Rdxd7 22. a5 Qb4 23. axb6 Qxb6 24. cxd5 Qb2 25. Rd1 Bxd5 26. Nxe4 Bxe4 27. Qxe4
Rd8 28. Qb1 Qe2 29. Qd3 Qxd3 30. Rxd3 a5 31. g3 Ra7 32. Ra4 f5 33. Rb3 Rd5 34.
Kf1 Kf7 35. Rb6 Ke7 36. Ke2 Kf7 37. Kd3 Rc7 38. Ra6 Rb5 39. R4xa5 Rb3+ 40. Ke2
g6 41. Ra7 Rxa7 42. Rxa7+ Kf6 43. Ra6+ Kg5 44. h3 h5 45. Kf3 Rb2 46. h4+ Kh6 47.
d5 Rd2 48. d6 Kg7 49. Kf4 Rxf2+ 50. Ke5 Rd2 1-0

[Event "World Rapid Women 2019"]
[Site "Moscow RUS"]
[Date "2019.12.27"]
[Round "6.26"]
[White "Getman, Tatyana"]
[Black "Dordzhieva, Dinara"]
[Result "1/2-1/2"]
[WhiteTitle "WFM"]
[BlackTitle "WIM"]
[WhiteElo "2265"]
[BlackElo "2314"]
[WhiteFideId "34166146"]
[BlackFideId "24157570"]
[EventDate "2019.12.26"]

1. d4 Nf6 2. c4 e6 3. Nf3 d5 4. Nc3 dxc4 5. e4 Bb4 6. Bxc4 Nxe4 7. O-O Nf6 8.
Qa4+ Nc6 9. Bb5 Rb8 10. Bxc6+ bxc6 11. Qxa7 Bd7 12. Qa6 O-O 13. Bg5 c5 14. Rfd1
Qe7 15. dxc5 Bxc5 16. Qc4 Rb4 17. Qe2 Rfb8 18. Rd2 Be8 19. Ne5 h6 20. Bxf6 Qxf6
21. Nd3 Bb5 22. Ne4 Rxe4 23. Qxe4 Bd6 24. Rad1 h5 25. Qf3 Qg5 26. Qe3 Qf5 27.
Qf3 Qg5 28. Qe3 Qf5 29. Qf3 1/2-1/2

[Event "World Rapid Women 2019"]
[Site "Moscow RUS"]
[Date "2019.12.27"]
[Round "6.27"]
[White "Kovanova, Baira"]
[Black "Khademalsharieh, Sarasadat"]
[Result "1/2-1/2"]
[WhiteTitle "WGM"]
[BlackTitle "IM"]
[WhiteElo "2335"]
[BlackElo "2487"]
[WhiteFideId "4164083"]
[BlackFideId "12512214"]
[EventDate "2019.12.26"]

1. e4 e5 2. Nf3 Nc6 3. Nc3 Nf6 4. d4 exd4 5. Nxd4 Bc5 6. Nxc6 bxc6 7. Bd3 d6 8.
O-O Ng4 9. h3 Ne5 10. Na4 Nxd3 11. Qxd3 Bb6 12. Nxb6 axb6 13. Qg3 Qf6 14. Bd2
O-O 15. Bc3 Qg6 16. Qxg6 hxg6 17. a3 Re8 18. Rfe1 c5 19. f3 Be6 20. Kf2 c6 21.
Rad1 d5 22. exd5 cxd5 23. Be5 Rec8 24. c3 Rc6 25. Rd2 f6 26. Bg3 Kf7 27. h4 Ra4
28. Red1 b5 29. Kg1 b4 30. axb4 cxb4 31. cxb4 Rxb4 32. Bf2 Rcc4 33. Bd4 Rb7 34.
g3 Bd7 35. Bc3 Bc6 36. Kf2 Ra4 1/2-1/2

[Event "World Rapid Women 2019"]
[Site "Moscow RUS"]
[Date "2019.12.27"]
[Round "6.28"]
[White "Zatonskih, Anna"]
[Black "Doluhanova, Evgeniya"]
[Result "1/2-1/2"]
[WhiteTitle "IM"]
[BlackTitle "WGM"]
[WhiteElo "2420"]
[BlackElo "2293"]
[WhiteFideId "14101572"]
[BlackFideId "14112035"]
[EventDate "2019.12.26"]

1. d4 Nf6 2. Nf3 b6 3. g3 Bb7 4. Bg2 g6 5. O-O Bg7 6. c4 O-O 7. Qc2 Be4 8. Qb3
Nc6 9. Nbd2 Na5 10. Qd1 d5 11. b3 dxc4 12. bxc4 c5 13. Bb2 cxd4 14. Bxd4 Bb7 15.
Rc1 Rc8 16. c5 Nc6 17. Ba1 bxc5 18. Nb3 Ne4 19. Bxg7 Kxg7 20. Nxc5 Nxc5 21. Rxc5
Qxd1 22. Rxd1 Rfd8 23. Rb1 Nd4 24. Rxc8 Nxf3+ 25. Bxf3 Bxc8 26. Rb8 Rd1+ 27. Kg2
Be6 28. Rb7 a6 29. Ra7 Bxa2 30. Rxa6 Rd2 31. Ra7 e6 32. e3 Bd5 33. Bxd5 1/2-1/2

[Event "World Rapid Women 2019"]
[Site "Moscow RUS"]
[Date "2019.12.27"]
[Round "6.29"]
[White "Shafigullina, Zarina"]
[Black "Voit, Daria"]
[Result "0-1"]
[WhiteTitle "WFM"]
[BlackTitle "WGM"]
[WhiteElo "2269"]
[BlackElo "2336"]
[WhiteFideId "24174220"]
[BlackFideId "4182146"]
[EventDate "2019.12.26"]

1. d4 Nf6 2. Nf3 e6 3. g3 b5 4. Bg2 Bb7 5. O-O d5 6. Qd3 a6 7. a4 b4 8. a5 c5 9.
dxc5 Bxc5 10. Be3 Nbd7 11. Bxc5 Nxc5 12. Qd4 Qc7 13. Qxb4 O-O 14. Nbd2 Rab8 15.
Qa3 Rfc8 16. Rac1 e5 17. c4 d4 18. e3 dxe3 19. Qxe3 e4 20. Nd4 Qxa5 21. Nf5 Rd8
22. Ne7+ Kf8 23. Nd5 Bxd5 24. cxd5 Rxd5 25. Nxe4 Nfxe4 26. Bxe4 Re5 27. f4 Rxe4
28. Qxc5+ Qxc5+ 29. Rxc5 Rxb2 30. Rc7 Ree2 31. Rd1 Red2 32. Rxd2 Rxd2 33. Ra7
Rd6 34. Kg2 h5 35. Kh3 g6 36. Kh4 Kg7 37. h3 Kf6 38. g4 hxg4 39. Kxg4 Rc6 40. h4
Rb6 41. Ra8 Ke6 42. Ra7 Rc6 43. Rb7 a5 44. Ra7 Rc5 45. Ra6+ Ke7 46. Ra7+ Kf6 47.
Ra6+ Kg7 48. Ra7 Rf5 49. Rb7 Kf6 50. Ra7 Ke6 51. Rb7 Rc5 52. Ra7 Rb5 53. Ra6+
Kd5 54. Ra7 Kc4 55. Rxf7 a4 56. Ra7 Kb4 57. Ra6 a3 58. Kf3 Ra5 59. Rxg6 a2 60.
Rg1 a1=Q 61. Rxa1 Rxa1 62. Kg4 Kc5 63. Kg5 Kd6 64. h5 Ke7 65. Kh6 Kf7 66. Kh7
Rh1 67. h6 Rh3 68. f5 Rh4 0-1

[Event "World Rapid Women 2019"]
[Site "Moscow RUS"]
[Date "2019.12.27"]
[Round "6.30"]
[White "Khomeriki, Nino"]
[Black "Sgircea, Silvia-Raluca"]
[Result "1-0"]
[WhiteTitle "WGM"]
[BlackTitle "WIM"]
[WhiteElo "2355"]
[BlackElo "2271"]
[WhiteFideId "13603191"]
[BlackFideId "1213776"]
[EventDate "2019.12.26"]

1. d4 d5 2. c4 dxc4 3. Nf3 Nf6 4. e3 e6 5. Bxc4 a6 6. O-O c5 7. b3 Nbd7 8. Bb2
b5 9. Be2 Bb7 10. Nbd2 Be7 11. a4 Qb6 12. Bd3 O-O 13. Qe2 bxa4 14. Rxa4 Nd5 15.
Bb1 Bc6 16. dxc5 Nxc5 17. Rg4 Bf6 18. Nc4 Qc7 19. Rc1 Bb5 20. Qc2 g6 21. Nce5
Rac8 22. h4 a5 23. h5 Nb4 24. hxg6 fxg6 25. Rxb4 axb4 26. Ng4 Bxb2 27. Qxb2 Qg7
28. Qxg7+ Kxg7 29. Nd4 Bd7 30. Ne5 Nxb3 31. Nxb3 Ba4 32. Nc5 Rfe8 33. Ned3 Bb5
34. Nxb4 Kf6 35. Bd3 Bxd3 36. Nbxd3 e5 37. Nd7+ Kf5 38. Rxc8 Rxc8 39. N7xe5 Ke4
40. Kh2 Ra8 41. Kg3 h6 42. f3+ Kxe3 43. Nf2 Kd4 44. Nf7 h5 45. Ne4 Kd5 46. Neg5
Ra4 47. f4 Ra6 48. Ne5 Rf6 49. Nh7 Ra6 50. Nf8 Ke4 51. Nfxg6 Kf5 52. Nh4+ Ke4
53. Nhf3 Ra8 54. Ng5+ Kf5 55. Nef3 Ra3 56. Nh3 Ra2 57. Nh4+ Ke4 58. Ng5+ Kd5 59.
Nhf3 Kd6 60. f5 Ke7 61. Ne4 Ra5 62. Kf4 Ra2 63. g3 Ra4 64. Ng5 Ra5 65. Nf3 Ra4
66. Ne5 Kf8 67. Nd7+ Ke7 68. Nc5 Ra1 69. Kg5 Rh1 70. f6+ Kf8 71. Nd6 1-0

[Event "World Rapid Women 2019"]
[Site "Moscow RUS"]
[Date "2019.12.27"]
[Round "6.31"]
[White "Zhukova, Natalia"]
[Black "Afonasieva, Anna"]
[Result "1/2-1/2"]
[WhiteTitle "GM"]
[BlackTitle "WFM"]
[WhiteElo "2324"]
[BlackElo "2302"]
[WhiteFideId "14101513"]
[BlackFideId "24173606"]
[EventDate "2019.12.26"]

1. c4 c6 2. d4 d5 3. Nf3 Nf6 4. Nc3 dxc4 5. a4 Bf5 6. Ne5 e6 7. g3 Bb4 8. Bg2
Ne4 9. Bxe4 Bxe4 10. f3 Bg6 11. h4 f6 12. Nxc4 Nd7 13. a5 b5 14. axb6 Nxb6 15.
Nxb6 Qxb6 16. h5 Bf7 17. h6 g6 18. Kf2 Rd8 19. e3 O-O 20. Bd2 Be7 21. Qc2 e5 22.
Na4 Qb5 23. Nc3 Qb6 24. Na4 Qc7 25. Bc3 Rd5 26. e4 Rdd8 27. dxe5 fxe5 28. Kg2
Be6 29. b4 c5 30. b5 c4 31. Nb2 Bc5 32. Rhd1 Rb8 33. Ra6 Rxb5 34. Qe2 Rb3 35.
Na4 Bb6 36. Rc1 Bc8 37. Nxb6 Bxa6 38. Nd5 Qd6 39. f4 Qe6 40. Bxe5 c3 41. Qd1
Rb2+ 42. Rc2 Bc4 43. Nxc3 Bb3 44. Rxb2 Bxd1 45. Nxd1 Qc6 46. Nf2 a5 47. Rd2 a4
48. Rd6 Qb7 49. Rd5 a3 50. Ng4 Qc6 51. Kh3 a2 52. Ra5 Ra8 53. Nf6+ Kf7 54. Rxa8
Qxa8 55. Nxh7 a1=Q 56. Ng5+ Ke7 57. Bxa1 Qxa1 58. Kg2 Qb2+ 59. Kg1 Qc1+ 60. Kg2
Qd2+ 61. Kg1 Qe1+ 62. Kg2 Qe2+ 63. Kg1 Qh5 64. h7 Kd7 65. e5 Qh6 66. Kg2 Qg7 67.
Kf3 Kc6 68. Ke4 Qh8 69. Kd4 Qd8+ 70. Ke3 Qb6+ 71. Kf3 Qb3+ 72. Kg2 Qc2+ 73. Kg1
Qd1+ 74. Kg2 Qe2+ 75. Kg1 Qd1+ 76. Kg2 Qe2+ 1/2-1/2

[Event "World Rapid Women 2019"]
[Site "Moscow RUS"]
[Date "2019.12.27"]
[Round "6.32"]
[White "Tomilova, Elena"]
[Black "Maltsevskaya, Aleksandra"]
[Result "1/2-1/2"]
[WhiteTitle "WGM"]
[BlackTitle "WGM"]
[WhiteElo "2341"]
[BlackElo "2318"]
[WhiteFideId "4162340"]
[BlackFideId "24174041"]
[EventDate "2019.12.26"]

1. e4 c5 2. Nf3 Nc6 3. Bb5 g6 4. Bxc6 dxc6 5. d3 Bg7 6. h3 e5 7. Be3 Qe7 8. Nbd2
Nf6 9. O-O O-O 10. a4 Ne8 11. Nc4 Nc7 12. Qd2 f6 13. Bh6 b6 14. Bxg7 Kxg7 15.
Nh2 Ne6 16. Rab1 Nf4 17. a5 Be6 18. axb6 Bxc4 19. dxc4 axb6 20. Ra1 Rad8 21. Qe3
Rd4 22. b3 Rfd8 23. Nf3 R4d7 24. Kh2 Ne6 25. Ra6 Ra7 26. Raa1 g5 27. Rxa7 Qxa7
28. Qc3 Qc7 29. Ra1 h5 30. g3 Kf7 31. Qe3 g4 32. Nh4 Ng5 33. hxg4 hxg4 34. Qe2
Qd7 35. Kg2 Qe6 36. Nf5 Nf3 37. Rh1 Rg8 38. Nh6+ Kg7 39. Nxg8 Qxg8 40. Qd3 Qe8
41. c3 Kg6 42. Qd6 Ng5 43. Qd3 Nf3 44. b4 cxb4 45. cxb4 Qe7 46. Qe3 Qxb4 47.
Qh6+ Kf7 48. Qh5+ Ke7 49. Qxg4 Ng5 50. Qe2 Qc3 51. Rd1 Ne6 52. Qh5 Ng5 53. Qe2
Qb3 54. Ra1 Qc3 55. Ra7+ Kd6 56. Ra2 Ke7 57. f3 Ne6 58. Qd2 Qxd2+ 59. Rxd2 Nd4
60. Kf2 Kd6 61. f4 Kc5 62. fxe5 fxe5 63. Rb2 b5 64. cxb5 cxb5 65. g4 Ne6 66. Ke3
b4 67. Rc2+ Kb5 68. Rc8 b3 69. Kd2 Kb4 70. Rb8+ Kc4 71. Rb6 Ng5 72. Ke3 Kc3 73.
Rc6+ Kb2 74. Rg6 Kc2 75. Rc6+ Kd1 76. Rb6 Kc2 77. Rc6+ Kd1 78. Kd3 b2 79. Rb6
Kc1 80. Rc6+ Kd1 81. Rb6 1/2-1/2

[Event "World Rapid Women 2019"]
[Site "Moscow RUS"]
[Date "2019.12.27"]
[Round "6.33"]
[White "Yakimova, Mariya"]
[Black "Pourkashiyan, Atousa"]
[Result "1/2-1/2"]
[WhiteTitle "WFM"]
[BlackTitle "WGM"]
[WhiteElo "2288"]
[BlackElo "2305"]
[WhiteFideId "34188859"]
[BlackFideId "12502014"]
[EventDate "2019.12.26"]

1. d4 Nf6 2. c4 e6 3. g3 d5 4. Nf3 Be7 5. Bg2 O-O 6. O-O dxc4 7. Ne5 Nc6 8. Nxc6
bxc6 9. e3 Nd5 10. Qa4 c5 11. dxc5 Rb8 12. Rd1 Bxc5 13. Nc3 Nxc3 14. bxc3 Qe7
15. Qxc4 Bb7 16. e4 Ba8 17. Qe2 f5 18. exf5 Rxf5 19. Be3 Bxg2 20. Kxg2 Kh8 21.
Rd3 Rbf8 22. Rf1 h6 23. Rd2 Bb6 24. Rd3 Qe8 25. Kg1 Qc6 26. Bd4 e5 27. Bxb6 axb6
28. Re3 Qc5 29. Qd3 Qa5 30. Qc4 R8f7 31. Re2 c5 32. Rd1 Rf8 33. Rd5 Qa3 34.
Rdxe5 Qc1+ 35. Re1 Qg5 36. Rxf5 Qxf5 37. Re2 Qf3 38. h4 Rd8 39. Re1 Rf8 40. Re2
Rd8 41. Re1 Rf8 42. Re2 Qf5 43. Qe4 Qf6 44. Qe5 Qf3 45. Qe3 Qd5 46. Qe4 Qf7 47.
Qe3 Qf5 48. Qe4 Qf6 49. Qe5 Qf3 50. Qe3 Qf5 51. Qe4 Qf6 52. Qe5 1/2-1/2

[Event "World Rapid Women 2019"]
[Site "Moscow RUS"]
[Date "2019.12.27"]
[Round "6.34"]
[White "Novikova, Anna"]
[Black "Bivol, Alina"]
[Result "1-0"]
[WhiteTitle "WIM"]
[BlackTitle "WGM"]
[WhiteElo "2260"]
[BlackElo "2374"]
[WhiteFideId "4146794"]
[BlackFideId "4100123"]
[EventDate "2019.12.26"]

1. e4 e6 2. d4 d5 3. Nc3 Bb4 4. e5 c5 5. a3 Bxc3+ 6. bxc3 Qa5 7. Bd2 Qa4 8. Be3
Ne7 9. dxc5 Nbc6 10. Bd4 b6 11. cxb6 axb6 12. Nf3 Ba6 13. Bxa6 Rxa6 14. O-O O-O
15. Qd3 Rc8 16. Ra2 Nf5 17. Rb1 Ncxd4 18. cxd4 Rc4 19. c3 Qc6 20. Nd2 Rca4 21.
Rb3 Ne7 22. h3 Qa8 23. Nb1 Nc6 24. Rab2 Qa7 25. f4 g6 26. Qb5 Qc7 27. Kh2 Kg7
28. Qd3 h5 29. Qe2 Qb7 30. Qd1 R4a5 31. Qf3 Qa7 32. Qe2 Ra4 33. Qb5 Qb7 34. f5
gxf5 35. Qe2 Ne7 36. Qxh5 Ng6 37. Qg5 Rc4 38. h4 Kh7 39. h5 Ne7 40. h6 Ng6 41.
Qf6 Kxh6 42. g4 fxg4 43. Kg3 Kh7 44. Qd8 Qe7 45. Rh2+ Kg7 46. Rh8 Qxd8 47. Rxd8
Ne7 48. Rb8 Nf5+ 49. Kxg4 Rc6 50. Kf4 Ne7 51. Rb7 Kf8 52. Kg5 Ng8 53. Rb2 Ne7
54. Rh2 Rc8 55. Kf6 Ng8+ 56. Kg5 Ne7 57. Rb2 Rc6 58. Kh6 Ke8 59. Rg2 Rc8 60. Rb2
Rc6 61. Kg7 Nf5+ 62. Kf6 Ng3 63. Re7+ Kd8 64. Rxf7 Ne4+ 65. Kg7 Nxc3 66. Rc2 Ra4
67. Rxc3 Rxc3 68. Nxc3 Rxd4 69. Kf6 Rd3 70. Nb5 Rb3 71. Nd6 Rxa3 72. Kxe6 b5 73.
Rd7# 1-0

[Event "World Rapid Women 2019"]
[Site "Moscow RUS"]
[Date "2019.12.27"]
[Round "6.35"]
[White "Khokhlova, Daria"]
[Black "Mammadzada, Gunay"]
[Result "0-1"]
[BlackTitle "IM"]
[WhiteElo "2208"]
[BlackElo "2455"]
[WhiteFideId "24182729"]
[BlackFideId "13403729"]
[EventDate "2019.12.26"]

1. d4 d5 2. c4 c6 3. Nf3 Nf6 4. e3 Bf5 5. Nc3 e6 6. Nh4 Be4 7. Qb3 Qc7 8. f3 Bg6
9. Be2 Nbd7 10. cxd5 exd5 11. Bd2 Bd6 12. g3 a5 13. a4 O-O 14. Nxg6 hxg6 15. Kf2
Rfe8 16. Rac1 Nf8 17. Bd3 Ne6 18. Rcg1 Bb4 19. g4 c5 20. g5 cxd4 21. Nb5 Qe5 22.
exd4 Nxd4 23. Qd1 Bc5 24. f4 Ne4+ 0-1

[Event "World Rapid Women 2019"]
[Site "Moscow RUS"]
[Date "2019.12.27"]
[Round "6.36"]
[White "Ovod, Evgenija"]
[Black "Antova, Gabriela"]
[Result "1-0"]
[WhiteTitle "IM"]
[BlackTitle "FM"]
[WhiteElo "2362"]
[BlackElo "2314"]
[WhiteFideId "4131827"]
[BlackFideId "2915235"]
[EventDate "2019.12.26"]

1. e4 e5 2. Nf3 Nf6 3. Nxe5 d6 4. Nf3 Nxe4 5. Nc3 Nxc3 6. dxc3 Be7 7. Be3 Nc6 8.
Qd2 Be6 9. O-O-O Qd7 10. a3 O-O-O 11. Ng5 Bf6 12. Nxe6 fxe6 13. g4 g6 14. h4 h5
15. g5 Bg7 16. Bd3 Qf7 17. Bb5 a6 18. Bxc6 bxc6 19. Qe2 Kb7 20. c4 c5 21. Rd3
Rb8 22. b4 cxb4 23. axb4 Qf5 24. Ra3 Kc8 25. c3 a5 26. Rxa5 Qe4 27. f3 Qc6 28.
Bd2 Kd7 29. Re1 Rhe8 30. Kc2 Ra8 31. Rea1 Rxa5 32. Rxa5 Rf8 33. f4 Ra8 34. Rxa8
Qxa8 35. Kb3 Ke7 36. Qd3 Kf7 37. c5 d5 38. b5 Qa1 39. Be3 Qa5 40. b6 cxb6 41.
cxb6 Bf8 42. Qd4 Qa3+ 43. Kc2 Qa2+ 44. Kd1 Ba3 45. Qf6+ Ke8 46. Qxe6+ Kd8 47.
Qg8+ Kd7 48. Qg7+ Kd8 49. Qc7+ Ke8 50. b7 Qb1+ 51. Ke2 Qc2+ 52. Kf3 Qd1+ 53. Kf2
Qc2+ 54. Kg3 1-0

[Event "World Rapid Women 2019"]
[Site "Moscow RUS"]
[Date "2019.12.27"]
[Round "6.37"]
[White "Sargsyan, Anna M."]
[Black "Serikbay, Assel"]
[Result "0-1"]
[WhiteTitle "WIM"]
[BlackTitle "WIM"]
[WhiteElo "2382"]
[BlackElo "2286"]
[WhiteFideId "13308130"]
[BlackFideId "13706799"]
[EventDate "2019.12.26"]

1. d4 d5 2. c4 c6 3. Nf3 Nf6 4. e3 a6 5. Nc3 b5 6. cxd5 cxd5 7. Bd3 e6 8. O-O
Bd6 9. Ne5 Nbd7 10. f4 O-O 11. Bd2 Bb7 12. Be1 Ne4 13. Qf3 f5 14. Kh1 Rc8 15.
Ne2 Nb6 16. Ba5 Bc7 17. b3 Nd7 18. Bb4 Rf6 19. Be1 Rh6 20. a4 Nxe5 21. fxe5 Bc6
22. axb5 axb5 23. Rc1 Be8 24. g4 Bg6 25. Bxe4 fxg4 26. Qf4 Bxe4+ 27. Kg1 Rf6 28.
Qg3 Rxf1+ 29. Kxf1 Bd3 30. Qxg4 Qe7 31. Kg1 Ra8 32. Bh4 Qf7 33. Nf4 Bf5 34. Qg2
Bb6 35. Rf1 Rc8 36. Qa2 Qb7 37. Qa3 h6 38. Qd6 Rc6 39. Qb4 g5 40. Nxd5 gxh4 41.
Ne7+ Kg7 42. Nxc6 Qxc6 43. Qe7+ Kg8 44. Qxh4 Qe4 45. Qxh6 Bd8 46. Qf4 Qxf4 47.
Rxf4 Bc2 48. b4 Be7 49. Rf2 Bd3 50. Rb2 Kf7 51. Kf2 Kg6 52. e4 Bxe4 53. Ke3 Bd5
54. Kf4 Bg5+ 55. Kg4 Be3 56. h4 Bxd4 57. Re2 Bc3 58. Kf4 Bc4 59. Rg2+ Kh6 60.
Rg8 Bxb4 61. Rh8+ Kg7 62. Rb8 Bd2+ 63. Kg4 b4 64. h5 b3 0-1

[Event "World Rapid Women 2019"]
[Site "Moscow RUS"]
[Date "2019.12.27"]
[Round "6.38"]
[White "Bykova, Anastasia"]
[Black "Cramling, Pia"]
[Result "0-1"]
[WhiteTitle "WFM"]
[BlackTitle "GM"]
[WhiteElo "2247"]
[BlackElo "2461"]
[WhiteFideId "4164970"]
[BlackFideId "1700030"]
[EventDate "2019.12.26"]

1. d4 Nf6 2. c4 a6 3. Nf3 e6 4. g3 c5 5. Bg2 cxd4 6. Nxd4 Qc7 7. b3 d5 8. cxd5
Bb4+ 9. Bd2 Bc5 10. Nc2 Nxd5 11. e4 Nf6 12. O-O O-O 13. Qe2 Nc6 14. Nc3 Rd8 15.
Rac1 Bd7 16. Bf4 e5 17. Bg5 Bg4 18. Bf3 Bh3 19. Bg2 Bg4 20. Qe1 Nd4 21. Nxd4
Bxd4 22. h3 Bd7 23. Nd5 Qd6 24. Bxf6 gxf6 25. Qd2 Bc6 26. Qh6 Bxd5 27. exd5 f5
28. Qxd6 Rxd6 29. Rc7 e4 30. Rxb7 Rxd5 31. g4 fxg4 32. Bxe4 Re5 33. Bg2 g3 34.
Rxf7 gxf2+ 35. Kh2 Rd8 36. Rf4 Re2 37. Rd1 Kg7 38. Rg4+ Kf6 39. Kh1 Re1+ 0-1

[Event "World Rapid Women 2019"]
[Site "Moscow RUS"]
[Date "2019.12.27"]
[Round "6.39"]
[White "Garifullina, Leya"]
[Black "Bodnaruk, Anastasia"]
[Result "1-0"]
[WhiteTitle "WIM"]
[BlackTitle "IM"]
[WhiteElo "2308"]
[BlackElo "2413"]
[WhiteFideId "34127035"]
[BlackFideId "4181751"]
[EventDate "2019.12.26"]

1. e4 c5 2. Nf3 d6 3. d4 cxd4 4. Nxd4 Nf6 5. Nc3 a6 6. h3 e6 7. g4 b5 8. Bg2 Bb7
9. O-O Nfd7 10. a4 bxa4 11. Nxa4 Be7 12. Be3 O-O 13. Nc3 Nc6 14. Nxc6 Bxc6 15.
Ra2 Qc7 16. Qe2 a5 17. Rfa1 Rfb8 18. g5 Nc5 19. h4 Rb4 20. Bd2 Rbb8 21. Qe3 a4
22. Ne2 e5 23. Nc3 Ne6 24. Qe1 f6 25. Nd5 Bxd5 26. exd5 Nd4 27. Qd1 Qxc2 28.
Qxc2 Nxc2 29. Rc1 Nd4 30. Rc7 Kf7 31. Be3 Nf5 32. Bh3 Nxh4 33. gxf6 gxf6 34.
Be6+ Ke8 35. Rc4 Ng6 36. Rcxa4 Rxa4 37. Rxa4 Rxb2 38. Ra8+ Bd8 39. Ra7 Ne7 40.
Rd7 f5 41. Rxd6 f4 42. Bc5 Rc2 43. Bb6 Bc7 44. Bxc7 Rxc7 45. Rb6 Rc1+ 46. Kg2
Nc8 47. Rb8 Ke7 48. Bxc8 e4 49. Bf5 e3 50. fxe3 fxe3 51. Bg4 Rc5 52. Be6 h5 53.
Rh8 Kd6 54. Rxh5 Rc3 55. Kf3 Ra3 56. Rh4 Rc3 57. Re4 Ra3 58. Rxe3 Ra1 59. Ke4
Ra4+ 60. Kf5 Ra1 61. Bf7 Rf1+ 62. Kg6 Rg1+ 63. Kf6 Rf1+ 64. Kg7 Rf2 65. Kf8 Kd7
66. Re6 Rf1 67. Rg6 Rf2 68. Kg7 Rf4 69. Rf6 Rb4 70. Bg6 Rd4 71. Bf5+ Kc7 72.
Rc6+ Kd8 73. d6 Rc4 74. Rxc4 1-0

[Event "World Rapid Women 2019"]
[Site "Moscow RUS"]
[Date "2019.12.27"]
[Round "6.40"]
[White "Mkrtchian, Lilit"]
[Black "Styazhkina, Anna"]
[Result "1-0"]
[WhiteTitle "IM"]
[BlackTitle "WIM"]
[WhiteElo "2395"]
[BlackElo "2289"]
[WhiteFideId "13300601"]
[BlackFideId "24119300"]
[EventDate "2019.12.26"]

1. c4 e5 2. g3 Nf6 3. Bg2 d5 4. cxd5 Nxd5 5. Nf3 Nc6 6. O-O Be7 7. d4 e4 8. Ne5
Nxe5 9. dxe5 f5 10. exf6 Nxf6 11. Nc3 Qxd1 12. Rxd1 Bf5 13. Nb5 O-O 14. Nxc7
Rac8 15. Nb5 Ng4 16. h3 Nxf2 17. Kxf2 Bd7+ 18. Ke1 Bxb5 19. Bxe4 Bb4+ 20. Bd2
Bd6 21. Bf4 Bxf4 22. gxf4 Rxf4 23. Bxb7 Re8 24. Rd2 Re3 25. Rc1 Rxh3 26. Rd8+
Kf7 27. Rc7+ Kg6 28. Rd6+ Rf6 29. Be4+ Kg5 30. Rxg7+ Kf4 31. Rxf6+ Kxe4 32. Re7+
Kd4 33. Rf4+ Kd5 34. Rf5+ Kd6 35. Rxa7 Rh1+ 36. Kd2 Bc6 37. Rf6+ Kc5 38. Rc7 Kd5 1-0